| 000 | 00527nam a2200181 a 4500 | ||
|---|---|---|---|
| 001 | 3364 | ||
| 005 | 20140414131924.0 | ||
| 008 | 040526s19uu xx 00 eng d | ||
| 020 | _a0-7214-2582-8 | ||
| 050 |
_aER _bSk9 1996 |
||
| 245 | _aSky dancers: Skyla's wish. | ||
| 260 |
_aLeicestershire, UK : _bLadybird Books, _c1996. |
||
| 300 | _a27 p. : ill. ; cm. | ||
| 520 | _aWill the Sky Dancers find her in time to save the sky kingdom? | ||
| 650 | _aAdventures--Fiction. | ||
| 650 | _aChildren stories. | ||
| 999 |
_c111892 _d111892 |
||